| Tag |
First Indicator |
Second Indicator |
Subfields |
| LEADER |
00000pam a2200000 a 4500 |
| 001 |
in00000078885 |
| 005 |
20151008055136.0 |
| 008 |
810305s1981 miua b 00110 eng |
| 010 |
|
|
|a 81001753
|
| 020 |
|
|
|a 0835711692
|
| 035 |
|
|
|a (OCoLC)07274128
|
| 035 |
|
|
|9 AAJ2665AM
|
| 039 |
0 |
|
|a 2
|b 3
|c 3
|d 3
|e 3
|
| 040 |
|
|
|a DLC
|c DLC
|d TXA
|d UtOrBLW
|
| 043 |
|
|
|a e-fr---
|
| 049 |
|
|
|a TXAM
|c [800756]
|
| 050 |
0 |
0 |
|a ND553.M37
|b B58 1981
|
| 082 |
0 |
|
|a 759.4
|2 19
|
| 100 |
1 |
|
|a Bock-Weiss, Catherine.
|
| 245 |
1 |
0 |
|a Henri Matisse and neo-impressionism, 1898-1908 /
|c by Catherine C. Bock.
|
| 264 |
|
1 |
|a Ann Arbor, Mich. :
|b UMI Research Press,
|c [1981]
|
| 264 |
|
4 |
|c ©1981
|
| 300 |
|
|
|a xxii, 216 pages :
|b illustrations ;
|c 24 cm.
|
| 336 |
|
|
|a text
|b txt
|2 rdacontent
|
| 337 |
|
|
|a unmediated
|b n
|2 rdamedia
|
| 338 |
|
|
|a volume
|b nc
|2 rdacarrier
|
| 490 |
1 |
|
|a Studies in the fine arts. The Avant-garde ;
|v no. 13
|
| 500 |
|
|
|a Originally published as the author's thesis (Ph. D., University of California at Los Angeles, 1977)
|
| 500 |
|
|
|a Includes index.
|
| 504 |
|
|
|a Bibliography: pages [203]-210.
|
| 600 |
1 |
0 |
|a Matisse, Henri,
|d 1869-1954.
|
| 650 |
|
0 |
|a Neo-impressionism (Art)
|z France.
|
| 830 |
|
0 |
|a Studies in the fine arts.
|p Avant-garde ;
|v no. 13.
|
| 999 |
|
|
|a MARS
|
| 999 |
f |
f |
|s 04f9082f-3a79-3870-93f5-20ea3c9ee4b7
|i f6d2359e-12bd-394f-8386-178fe8e833a9
|t 0
|
| 952 |
f |
f |
|p ric
|a Texas A&M University
|b Rellis Campus
|c Joint Library Facility
|d Remote Storage
|t 0
|e ND553.M37 B58 1981
|h Library of Congress classification
|i unmediated -- volume
|m A14806169859
|
| 998 |
f |
f |
|a ND553.M37 B58 1981
|t 0
|l Remote Storage
|